书目信息 |
| 题名: |
茅盾
|
|
| 作者: | (南朝)刘勰 著 | |
| 分册: | ||
| 出版信息: | 北京 文物出版社 2020.2 |
|
| 页数: | 217页 | |
| 开本: | 19cm | |
| 丛书名: | 中华线装文库 | |
| 单 册: | ||
| 中图分类: | I206.391 | |
| 科图分类: | ||
| 主题词: | 文学理论--中国--南朝时代 | |
| 电子资源: | ||
| ISBN: | 978-7-5010-6616-2 | |
| 000 | 01186nam0 2200265 450 | |
| 001 | 012020010238 | |
| 005 | 20230308143223.0 | |
| 010 | @a978-7-5010-6616-2@b线装@dCNY59.80 | |
| 100 | @a20200616d2020 em y0chiy0110 ea | |
| 101 | 0 | @achi |
| 102 | @aCN@b110000 | |
| 105 | @af z 000zy | |
| 106 | @ar | |
| 200 | 1 | @a茅盾@9Wen Xin Diao Long @f李友云著 |
| 210 | @a北京@c文物出版社@d2020.2 | |
| 215 | @a217页@d19cm | |
| 225 | 2 | @a中华线装文库 |
| 330 | @a《文心雕龙》是我国古代一部非常精彩的文学理论批评专著。成书于齐和帝中兴元年、二年间,即我们今天所熟知的“南北朝”时代。由于痛感当时浮华不实的文风,立志绍述孔子的经文大义,作者刘勰避世于佛寺,积十几年学问功力作成此书。《文心雕龙》一书中叙述了历史上各类文体的源流演变,提出了文学的创作、批评的基本原则,构成了比较全面的理论系统,自成一家之言。尤其可贵的是,它不仅以理论见长,其本身也具有极高的文学价值:全书以骈文写就,行文流畅,文质兼备,不得不说是上乘之作。 | |
| 461 | 0 | @1200 @a中华线装文库 |
| 606 | 0 | @a文学理论@y中国@x南朝时代 |
| 690 | 0 | @aI206.391@v5 |
| 701 | 0 | @a(南朝)刘勰@9(Nan Chao )Liu Zuo @4著 |
| 801 | 0 | @aCN@bBJXHXP@c20230308 |
| 801 | 0 | @aCN@b(网众)采访数据@c20200616 |
| 905 | @b1403064-7@dI206.391@e421@f4 | |
| 茅盾/李友云著.-北京:文物出版社,2020.2 |
| 217页;19cm.-(中华线装文库) |
| ISBN 978-7-5010-6616-2(线装):CNY59.80 |
| 《文心雕龙》是我国古代一部非常精彩的文学理论批评专著。成书于齐和帝中兴元年、二年间,即我们今天所熟知的“南北朝”时代。由于痛感当时浮华不实的文风,立志绍述孔子的经文大义,作者刘勰避世于佛寺,积十几年学问功力作成此书。《文心雕龙》一书中叙述了历史上各类文体的源流演变,提出了文学的创作、批评的基本原则,构成了比较全面的理论系统,自成一家之言。尤其可贵的是,它不仅以理论见长,其本身也具有极高的文学价值:全书以骈文写就,行文流畅,文质兼备,不得不说是上乘之作。 |
| ● |
| 相关链接 |
|
|
|
|
正题名:茅盾
索取号:I206.391/421
 
预约/预借
| 序号 | 登录号 | 条形码 | 馆藏地/架位号 | 状态 | 备注 |
| 1 | 1403064 | 214030644 | 第一样本阅览室/ [索取号:I206.391/421] | 在馆 | |
| 2 | 1403065 | 214030653 | 第二借阅区/ [索取号:I206.391/421] | 在馆 | |
| 3 | 1403066 | 214030662 | 第二借阅区/ [索取号:I206.391/421] | 在馆 | |
| 4 | 1403067 | 214030671 | 第二借阅区/ [索取号:I206.391/421] | 在馆 |